| 000 | 00529nam a2200193Ia 4500 | ||
|---|---|---|---|
| 005 | 20250508160718.0 | ||
| 008 | 008 250505s9999 xx 000 0 eng d | ||
| 037 | _aTextual | ||
| 040 |
_aFEDL _beng _cFEDL |
||
| 041 |
_aeng _2eng |
||
| 084 |
_a332, LIP _qFEDL |
||
| 100 | _aLipsey Richard G. | ||
| 245 | 0 | _aIntroduction to : Positive economics | |
| 260 |
_aLondon, UK _bWeidenfeld and Nicolson _c1963 |
||
| 300 | _axxiii,874p. | ||
| 650 | _aEconomics | ||
| 942 |
_cTEXL _h332, LIP |
||
| 999 |
_c1366167 _d1366167 |
||